Fiestas de los pueblos indígenas; la morada de los santos : (Record no. 130728)

MARC details
000 -CABECERA
campo de control de longitud fija 00790nam a2200229 a 4500
005 - FECHA Y HORA DE LA ÚLTIMA TRANSACCIÓN
campo de control 20210219160110.0
008 - ELEMENTOS DE LONGITUD FIJA--INFORMACIÓN GENERAL
campo de control de longitud fija 080731s1995 mx r 000 0 spa d
020 ## - NÚMERO INTERNACIONAL NORMALIZADO PARA LIBROS
Número Internacional Estándar del Libro 9682962811
020 ## - NÚMERO INTERNACIONAL NORMALIZADO PARA LIBROS
Número Internacional Estándar del Libro 9682959314
035 ## - NÚMERO DE CONTROL DEL SISTEMA
Número de control de sistema UPN01000158614
049 ## - COLECCIÓN
Colección UNE
080 ## - NÚMERO DE CLASIFICACIÓN DECIMAL UNIVERSAL
Número de la Clasificación Decimal Universal 264-2 (726.1/. 2) "1995" RUB.
100 1# - ASIENTO PRINCIPAL--NOMBRE PERSONAL
Nombre de persona Rubio, Miguel Angel
245 10 - MENCIÓN DE TÍTULO
Título Fiestas de los pueblos indígenas; la morada de los santos :
Resto del título Expresiones del cu-.
260 ## - PUBLICACIÓN, DISTRIBUCIÓN, ETC.
Lugar de publicación, distribución, etc. México :
Nombre del editor, distribuidor, etc. INI :
-- SEDESOL,
Fecha de publicación, distribución, etc. 1995.
300 ## - DESCRIPCIÓN FÍSICA
Extensión 420 p.
690 ## - PUNTO DE ACCESO ADICIONAL DE MATERIA LOCAL--TÉRMINO DE MATERIA (OCLC, RLIN)
Término de materia o nombre geográfico como elemento inicial Fiestas religiosas - Grupos étnicos - México (Tabasco)
690 ## - PUNTO DE ACCESO ADICIONAL DE MATERIA LOCAL--TÉRMINO DE MATERIA (OCLC, RLIN)
Término de materia o nombre geográfico como elemento inicial Actividades culturales - Fiestas religiosas - México (Veraruz)
710 2# - ASIENTO SECUNDARIO - NOMBRE CORPORATIVO
Nombre de entidad corporativa o nombre de jurisdicción como elemento de entrada Instituto Nacional Indigenista (México)
710 1# - ASIENTO SECUNDARIO - NOMBRE CORPORATIVO
Nombre de entidad corporativa o nombre de jurisdicción como elemento de entrada México.
Unidad subordinada Secretaría de Desarrollo Social
905 ## - TIPO DE MATERIAL
Tipo de material UNESCO

No items available.